Random Flags of Island Countries - Statistics

General Stats
  • This quiz has been taken 57 times
  • The average score is 11 of 12
Answer Stats
Picture Answer % Correct
Bahamas
100%
Bahrain
100%
Barbados
100%
Comoros
100%
Cyprus
100%
Dominican Republic
100%
East Timor
100%
Grenada
100%
Haiti
100%
Iceland
100%
Indonesia
100%
Jamaica
100%
Japan
100%
Kiribati
100%
Madagascar
100%
Maldives
100%
Malta
100%
Marshall Islands
100%
New Zealand
100%
Palau
100%
Papua New Guinea
100%
Singapore
100%
Tonga
100%
United Kingdom
100%
Fiji
93%
Tuvalu
93%
Seychelles
92%
Trinidad and Tobago
92%
Brunei
91%
Cape Verde
91%
Nauru
91%
Ireland
90%
Antigua and Barbuda
89%
Dominica
88%
Philippines
88%
Sri Lanka
88%
Cuba
85%
Samoa
83%
Solomon Islands
82%
Taiwan
82%
Vanuatu
82%
Mauritius
80%
Saint Lucia
80%
Saint Vincent and the Grenadines
80%
Sao Tome and Principe
78%
Saint Kitts and Nevis
75%
Federated States of Micronesia
69%
No matching quizzes found
Score Distribution
Percent of People with Each Score
Percentile by Number Answered
Your Score History
You have not taken this quiz